000 00386nam a2200133Ia 4500
008 220214s9999 xx 000 0 und d
100 _aKintisch Eli
245 0 _aStolen e-mails turn up heat on climate change rhetoric
260 _bScience
_c2009
300 _a1329
520 _aArticles bound received from Dr. James Jacob, Director, 2021
650 _aClimate change
942 _cRE
999 _c45391
_d45391